Ernesto "El Che" Guevara : el hombre, el final /

Documental basado en el diario oficial del "Che Guevara" guardado en las bóvedas del banco central de Bolivia. El "Che Guevara" tiene mucho mas éxito muerto que vivo. Para el 9 de octubre de 1967, llevaba 11 meses tratando de llevar la revolución a Bolivia. Este documental da cuenta de esos últimos...

Descripción completa

Detalles Bibliográficos
Otros Autores: Martins, Pablo
Formato: VHS
Lenguaje:inglés
Publicado: DVD Video 2005
Materias:

MARC

LEADER 00000cgm a2200000 a 4500
001 030704
003 UAHC_CL
005 20170803123240.0
008 111122b2004 xxu 000 eng
040 |a UAHC_CL  |c UAHC_CL  |d UAHC_CL 
245 1 0 |a Ernesto "El Che" Guevara :  |b el hombre, el final /  |c Panlo Martins. 
260 |b DVD Video  |c 2005 
300 |a 1 videodiscos (60 min.) 
520 |a Documental basado en el diario oficial del "Che Guevara" guardado en las bóvedas del banco central de Bolivia. El "Che Guevara" tiene mucho mas éxito muerto que vivo. Para el 9 de octubre de 1967, llevaba 11 meses tratando de llevar la revolución a Bolivia. Este documental da cuenta de esos últimos días del Che, de su ejecución, además hace un recuento de su largo andar, en busca de una verdadera revolución latinoamericana, sus cartas, sus amores, etc., es un documental imprescindible, para todos aquellos que se quieran acercar a este increíble luchador y líder mundial. 
600 1 4 |a GUEVARA, ERNESTO  |d 1928-1967  |v BIOGRAFIAS 
650 4 |a CINE DOCUMENTAL 
700 1 |a Martins, Pablo 
900 |a DVD-430 
942 |c VHS 
952 |0 0  |1 0  |4 0  |6 DVD_430  |7 0  |8 Referencia  |9 60065  |a BC  |b BC  |c Referencia  |d 2017-08-03  |l 0  |o DVD-430  |p 1391052  |r 2022-01-14 00:00:00  |t 1  |w 2017-08-03  |y DVD 
999 |c 30704  |d 30704